000 00877nam a2200253Ia 4500
003 OSt
005 20221005112752.0
006 a|||||r|||| 00| 0
007 ta
008 221004b |||||||| |||| 00| 0 pan d
020 _c350
024 _a95397
037 _b72862, 31/12/2008, Arsee Publishers
_cTextual
040 _aCRL
_cCRL
_bpan
041 _2pan
_apan
082 _aO153,3N22,SD, M9;P3
100 _aਸਿੰਘ, ਨਰਿੰਦਰਪਾਲ
245 0 _aਸਿਰ ਕੀਜੈ ਕਾਣ ਨਾ ਕੀਜੈ
260 _aਦਿੱਲੀ
_bਆਰਸੀ ਪਬਲਿਰਗ਼ ਭਾਰਤ
_c2003
300 _a783ਪੰ
_ccm.
650 _aਪੰਜਾਬੀ ਸਾਹਿਤ
942 _hO153,3N22,SD, M9;P3
_cTEXL
_2cc
999 _c1025909
_d1025909